000 01023cam a22002772 4500
001 0000025080
005 20151217155237.0
008 141114s xx 000 0 eng d
020 _a978996448705 :
040 _aKABU
_cKABU
100 1 _aNyaga, Michael K.
_@0000185497
245 1 0 _aInventor secondary business studies :
_bstudents' book.
246 3 _aBusiness studies
260 _aNairobi :
_bKLB,
_c2009.
300 _a7 vols (various pagings).
650 0 _aBusiness.
_@0000149956
700 1 _aMungiria, Michael K.M.
_@0000185498
852 1 _9p522 KES
852 1 _9p580 KES
852 1 _9p522 KES
852 1 _9p522 KES
852 1 _9p522 KES
852 1 _9p522 KES
908 _a141114
950 _@1
999 _c12260
_d12260